| 000 | 01527nac a22003131i 4500 | ||
|---|---|---|---|
| 003 | EG-ScBUE | ||
| 005 | 20231128100814.0 | ||
| 008 | 121023s1996 ku af 001 0 ara d | ||
| 040 |
_aEG-ScBUE _bara _erda _cEG-ScBUE _dEG-ScBUE |
||
| 043 | _aa-cc--- | ||
| 082 | 0 | 4 |
_a951 _bب ن ص _222 |
| 100 | 1 |
_aبن، وو، _eمؤلف. _931217 |
|
| 245 | 1 | 2 |
_aالصينيون المعاصرون : _bالتقدم نحو المستقبل انطلاقا من الماضي. _nالجزء الثاني / _cتأليف وو بن ؛ ترجمة د. عبد العزيز حمدي ؛ مراجعة د. لي تشين تشونغ. |
| 264 | 1 |
_aالكويت : _bالمجلس الوطنى للثقافة والفنون والاداب، _c1996. |
|
| 300 |
_a334 صفحة ؛ _c24 سم. |
||
| 336 |
_2rdacontent _aنص _btxt |
||
| 337 |
_aبدون وسيط _2rdamedia _bn |
||
| 338 |
_aمجلد _bnc _2rdacarrier |
||
| 490 | 0 |
_aعالم المعرفة ؛ _v211 |
|
| 500 | _aيشتمل على كشاف. | ||
| 546 | _aالنص باللغة العربية وتم ترجمته من اللغة الصينية. | ||
| 651 | 7 |
_aالصين _xسياسة وحكومة _yالعصر الحديث. _2BUEsh _931219 |
|
| 651 | 7 |
_aالصين _xتاريخ _yالعصر الحديث. _2BUEsh |
|
| 651 | 7 |
_aالصين _xأحوال اجتماعية _yالعصر الحديث. _2BUEsh _931220 |
|
| 655 | _vReading book | ||
| 700 | 1 |
_aحمدي، عبد العزيز، _eمترجم. _931221 |
|
| 700 | 1 |
_aتشونغ، د لي تشين، _eمراجع. _931222 |
|
| 942 |
_cBB _2ddc |
||
| 999 |
_c6539 _d6539 |
||